[Event "GER-ch U10 Girls"]
[Site "Willingen"]
[Date "2018.05.25"]
[Round "9"]
[White "Scheerer, Amelie"]
[Black "Scherer, Pia"]
[Result "0-1"]
[WhiteElo "957"]
[BlackElo "740"]
[PlyCount "44"]
[EventDate "2018.05.19"]
[EventType "swiss"]
[EventRounds "11"]
[EventCountry "GER"]
[SourceTitle "CBM 184 Extra"]
[Source "ChessBase"]
[SourceDate "2018.06.28"]
[SourceVersion "1"]
[SourceVersionDate "2018.06.28"]
[SourceQuality "1"]

1. e4 e5 2. Nf3 Nc6 3. Bc4 Bc5 4. c3 Nf6 5. d4 exd4 6. cxd4 Bb4+ 7. Bd2 Nxe4 8. Qe2 d5 9. Bd3 Bf5 10. Bxe4 dxe4 11. Ne5 Bxd2+ 12. Nxd2 Nxd4 13. Qc4 0-0 14. 0-0-0 Be6 15. Qa4 Ne2+ 16. Kb1 Qd5 17. Qxe4 Qxa2+ 18. Kc2 g6 19. Qxe2 Bf5+ 20. Ne4 Qa4+ 21. Kd3 Rad8+ 22. Ke3 Qxe4# 0-1